Gaming Quiz

Random Gaming or Letter Quiz
Score 0/18 Timer 03:00
0 Plays Today
starts with the letter: class % Correct
kknight
98%
aarcher
88.2%
uunicorn
88.2%
ggnome
86.3%
mmage
86.3%
ddragon
84.3%
ppumpkin
78.4%
mmonkey
76.5%
ggrizzly
74.5%
starts with the letter: class % Correct
zzombie
74.5%
nninja kitty
72.5%
ffrog
72.5%
yyeti
72.5%
bbull
72.5%
ssumo panda
70.6%
mmr. rainbow
70.6%
bbird
68.6%
ccyclops
68.6%

You're not logged in!

Compare scores with friends on all Sporcle quizzes.
OR
Log In

Sporcle TV

Today on Sporcle TV


Watch our educational content, quiz creation guides, and fun videos on Sporcle TV.

Show Comments

Extras

Top Quizzes Today


Score Distribution

Paid Content

Your Account Isn't Verified!

In order to create a playlist on Sporcle, you need to verify the email address you used during registration. Go to your Sporcle Settings to finish the process.

Report this User

Report this user for behavior that violates our Community Guidelines.

Details: